000 00979nam a2200265Ia 4500
003 OSt
005 20221005103246.0
006 a|||||r|||| 00| 0
007 ta
008 221004b |||||||| |||| 00| 0 hin d
020 _a978=9381923276 (pbk)
_cIndian Rupees 225
024 _a28527
037 _bGift, 14/02/2017,
_cTextual
040 _aCRL
_cCRL
_bhin
041 _2hin
_ahin
082 _aO152:g(Y49(J)), Q2
100 _aशशिधर, रामाज्ञा
245 0 _aकिसान आंदोलन की साहित्यिक जमीन
246 _aKisān āandolan kī sāhityik jamīna
260 _aगाजियाबाद
_bअंतिका प्रकाशन भारत
_c2012
300 _a207पृ0
_ccm.
650 _aहिन्दी आलोचना
942 _hO152:g(Y49(J)), Q2
_cTEXL
_2cc
999 _c1009721
_d1009721